000 00640nam a2200217Ia 4500
001 22034
005 20260416122537.0
008 260320s9999||||xx |||||||||||||| ||und||
041 _aESP
082 _a401
_bV19
100 _aValdivia Cano, Juan Carlos,
_eAUT
245 0 _aLenguaje y libertad
250 _aEdición especial
260 _a[Lugar de publicación no identificado] :
_bClave Liberal,
_c2025
300 _a23 páginas :
_c21 cm.
650 _aLEN
653 _aLenguaje - Perú
654 _aCHU
856 _uhttps://www-jstor-org.ucsp.lookproxy.com/
_zVéase además: Base de datos JSTOR
942 _cLIB
_dJUS
_fMAT
_2ddc
999 _c22034
_d22034